| 000 | 00405nam a22001457a 4500 | ||
|---|---|---|---|
| 082 | _aP-486 | ||
| 100 |
_aMubashir Hameed Kiani _948320 |
||
| 245 |
_aGeotechnical investication of Attabad landslide dam _cMubashir Hameed Kiani, Raza Khan |
||
| 260 |
_aRisalpur _bMCE |
||
| 300 | _a88 p.: | ||
| 526 |
_a0 _b0 _c0 _dP_486 |
||
| 650 | _aProject | ||
| 700 |
_aManzoor Hussain Lt Col _948321 |
||
| 942 |
_2ddc _cBK |
||
| 999 |
_c551304 _d551304 |
||